Statistics for Moston common hungarian family names

Click here to take the quiz!

General Stats

  • This quiz has been taken 33 times
  • The average score is 10 of 25

Answer Stats

HintAnswer% Correct
NNagy
93%
KKovács
76%
KKiss
76%
TTóth
72%
SzSzabó
69%
HHorváth
59%
NNémeth
52%
TTakács
48%
MMolnár
48%
BBalogh
45%
VVarga
41%
FFekete
31%
JJuhász
31%
FFehér
31%
PPapp
28%
LLakatos
21%
FFarkas
21%
TTörök
21%
BBalázs
17%
GGál
17%
MMészáros
17%
SzSzilágyi
14%
RRácz
10%
OOláh
10%
SSimon
7%

Score Distribution

Percentile by Number Answered

Percent of People with Each Score

Your Score History

You have not taken this quiz